NPCR 1 Lesson 4 Vocabulary C-M - Statistics

General Stats
  • This quiz has been taken 13 times
  • The average score is 10 of 22
Answer Stats
Character Meaning % Correct
请问 May I ask...?
75%
学生 student
75%
什么 what
75%
英国 Great Britain; England
50%
高兴 happy; pleased
50%
学院 institute
50%
语言 language
50%
可以 may
50%
先生 Mr.
50%
of
50%
please
50%
to ask
50%
to come
50%
进来 to come in
50%
to enter
50%
汉语 Chinese (language)
25%
one's surname is; surname
25%
记者 reporter
25%
to be called
25%
学习 to learn; to study
25%
认识 to know (somebody)
0%
贵姓 what's your honorable surname?
0%
No matching quizzes found
Score Distribution
Percent of People with Each Score
Percentile by Number Answered
Your Score History
You have not taken this quiz